| 000 | 00425nam a2200133Ia 4500 | ||
|---|---|---|---|
| 008 | 231129s9999||||xx |||||||||||||| ||spa|| | ||
| 020 | _a958-709-487-5 | ||
| 040 | _bspa | ||
| 082 | _a923.286 A174i | ||
| 100 | _aAcevedo Tarazona ílvaro | ||
| 245 | 0 | _aUn ideal traicionado: Vida y muerte de los movimientos estudiantiles en el ELN | |
| 264 | _aIntermedio Editores | ||
| 942 |
_2ddc _cBKS |
||
| 999 |
_c25852 _d25852 |
||